[Event "IECC KO email"]
[Site "IECC email"]
[Date "1999.02.15"]
[Round "1"]
[White "Daniels, Clyde"]
[Black "Brookshire, Tommy"]
[Result "0-1"]
[WhiteElo "970"]
[BlackElo "1071"]
[PlyCount "90"]
[EventDate "1999.??.??"]
[EventType "tourn (corr)"]
[EventRounds "6"]
[SourceTitle "Corr 2008"]
[Source "ChessBase"]
[SourceDate "2008.06.24"]
[SourceVersion "1"]
[SourceVersionDate "2008.06.24"]
[SourceQuality "1"]

1. e4 e5 2. Nc3 Bc5 3. Bc4 Nf6 4. Nf3 d6 5. Ng5 0-0 6. 0-0 Bg4 7. Nf3 Qd7 8. b3 Nc6 9. Qe2 Nd4 10. Qd3 c6 11. a4 Bxf3 12. Nd1 Bxe4 13. Qc3 Ne2+ 14. Bxe2 Bd4 15. Qc4 Bxa1 16. c3 d5 17. Qb4 d4 18. d3 Bf5 19. c4 e4 20. Nb2 Bxb2 21. Bxb2 exd3 22. Bf3 b6 23. Bc1 Rae8 24. h3 Bxh3 25. Bf4 c5 26. Qd2 Bf5 27. Rd1 a6 28. Qb2 b5 29. Qa3 Ne4 30. axb5 axb5 31. Qc1 d2 32. Bxd2 Nxd2 33. Rxd2 Be6 34. Be2 bxc4 35. bxc4 Bf5 36. Bf3 Re5 37. Qf1 Rfe8 38. Be2 d3 39. Bf3 Re1 40. Rd1 Rxf1+ 41. Kxf1 d2 42. Ra1 Qd6 43. g3 Bh3+ 44. Bg2 d1Q+ 45. Rxd1 Qxd1# 0-1